| 000 | 01061nam a22003017a 4500 | ||
|---|---|---|---|
| 003 | CHAP | ||
| 005 | 20220329134213.0 | ||
| 008 | 971013s1961 r 00010 d | ||
| 010 | _a16919 | ||
| 011 | _a17891 | ||
| 035 | _a21975 | ||
| 040 | _cCHAP | ||
| 082 |
_a983.03 _bJ3 |
||
| 100 | 0 | 0 |
_aJara, Alvaro. _961107 |
| 245 | _aGuerre et société au Chili; essai de sociologie coloniale ... | ||
| 260 |
_aParis : _bInstitut des Hautes Studes de l'Amérique Latine, _c(1961) |
||
| 300 |
_a217 p. _b: ilus |
||
| 490 |
_aTravaux et mémoires de l'Institut des Hautes Etudes de l'Amérique Latine _v; 9 |
||
| 590 |
_aBATCH-UPD _b10 _c20130110 _lUCH01 _h2142 |
||
| 590 |
_aBATCH-UPD _b10 _c20130410 _lUCH01 _h1451 |
||
| 590 |
_aBATCH-UPD _b10 _c20130914 _lUCH01 _h1702 |
||
| 590 |
_aCONVERSION _b10 _c20130109 _lUCH01 _h1310 |
||
| 650 | 1 | 4 |
_aChile _xHistoria. _922335 |
| 830 | 0 |
_aTravaux et mémoires de l'Institut des Hautes Etudes de l'Amérique Latine _v; 9 _9114716 |
|
| 901 | _aBK | ||
| 942 | _cLIBRO | ||
| 949 |
_a983.03 J3 _bBC _cBPA _d-51150 _eBPA _h12886 _i21975 _mD _si |
||
| 999 |
_c16919 _d16919 |
||